000 02010nam0a2200325 i 4500
001 RU\NLR\BIBL_A\010190222
005 20260407120005.0
010 _a9785781011490
_950
021 _aRU
_b2013-101495
_97051
035 _a(NILC)RuMoRGB-006712361
035 _a(NLR Aleph) 010190222
090 _a10193608
_c10193608
100 _a20140212d2013 um y0rusy50 ca
101 0 _arus
102 _aRU
105 _aa|||j||||00yy
200 1 _aУправление проектом
_eучебно-методический комплекс по дисциплине
_eучебное пособие
_e[для студентов, обучающихся по экономическим и неэкономическим направлениям подготовки]
_fМ-во образования и науки Российской Федерации, Федеральное гос. бюджетное образовательное учреждение высш. проф. образования "Хакасский гос. ун-т им. Н. Ф. Катанова"
_g[сост.: Е. В. Баженова, Д. Б. Дугаржапова]
210 _aАбакан
_cХакасский государственный университет
_d2013
_eАбакан
_gХакасский гос. ун-т им. Н. Ф. Катанова
215 _a131 с.
_cил., табл.
_d21
606 1 _aПроекты
_jУчебные издания для высших учебных заведений
_xУправление
_91734110
_3RU\NLR\AUTH\661071500
675 _a005.8(075.8)
686 1 _aУ21(0)2я73
702 1 _aБаженова
_bЕ. В.
_gЕлена Валерьевна
_4220
712 0 2 _4570
_aХакасский государственный университет им. Н. Ф. Катанова
_cАбакан
_3RU\NLR\AUTH\889950109
_9395994
801 0 _aRU
_bRuMoRKP
_c20131216
_gRCR
801 2 _aRU
_bРГБ
_c20131223
_grcr
942 _cBOOK
980 _aNBR